| 000 | 00489nam a2200169 a 4500 | ||
|---|---|---|---|
| 005 | 20140311163001.0 | ||
| 008 | 970101s19uu xx 00 eng d | ||
| 020 | _a007048242x | ||
| 050 |
_aQD 262 _b.Sm65 2002 |
||
| 100 | _aSmith, Michael | ||
| 245 |
_aOrganic synthesis / _cMichael Smith. |
||
| 260 |
_aUnited States : _bMcGraw-Hill Companies Inc., _c2002. |
||
| 300 |
_a1371 p. : _bill. ; _c26 cm. |
||
| 650 |
_aOrganic compounds _xsynthesis |
||
| 942 |
_cBK _2lcc _kFOR |
||
| 999 |
_c39194 _d39194 |
||